000 01427cam a2200133 4500500
005 20260329023432.0
041 _afre
042 _adc
100 1 0 _aVidal-Naquet, Pierre
_eauthor
245 0 0 _aLes assassins de la mémoire : « Un Eichmann de papier » et autres essais sur le révisionnisme
260 _bLa Découverte,
_c2005.
520 _a« Face à un Eichmann réel, il fallait lutter par la force des armes et, au besoin, par les armes de la ruse. Face à un Eichmann de papier, il faut répondre par du papier. Nous sommes quelques-uns à l'avoir fait et nous le ferons encore. Ce faisant, nous ne nous plaçons pas sur le terrain où se situe notre ennemi. Nous ne le " discutons pas ", nous démontons les mécanismes de ses mensonges et de ses faux, ce qui peut-être méthodologiquement utile aux jeunes générations. » Ces lignes, qu'écrivait en 1981 l'historien Pierre Vidal-Naquet, gardent toute leur actualité dix ans plus tard : Robert Faurisson et ceux qui nient avec lui la réalité du génocide hitlérien n'ont pas désarmé, et certains médias continuent à réserver un accueil surprenant à leurs thèses délirantes. Comprendre comment une telle aberration a pu voir le jour est donc plus que jamais nécessaire. Tel est le but des essais réunis dans ce livre.»
856 4 1 _uhttps://shs.cairn.info/les-assassins-de-la-memoire--9782707145451?lang=fr&redirect-ssocas=7080
999 _c1927097
_d1927097